| 000 | 00609nam a2200229Ia 4500 | ||
|---|---|---|---|
| 003 | OSt | ||
| 005 | 20220926044647.0 | ||
| 006 | a|||||r|||| 00| 0 | ||
| 007 | ta | ||
| 008 | 220923b |||||||| |||| 00| 0 eng d | ||
| 037 | _cGeneral Book | ||
| 040 |
_aRTL _cRTL _beng |
||
| 041 |
_2eng _aeng |
||
| 082 | _aVp564, J7 | ||
| 100 |
_aRoberts Michael Ed. _953440 |
||
| 245 | 0 | _aPapers read before the Third Conference of Irish H | |
| 260 | _c1957 | ||
| 490 | _aHistorical Studies, 2. | ||
| 650 | _aHistory | ||
| 942 |
_hVp564, J7 _cGB _2CC |
||
| 999 |
_c675478 _d675478 |
||